Introduction to Psychology
Guardado en:
| Autor principal: | |
|---|---|
| Formato: | Libro |
| Lenguaje: | inglés |
| Publicado: |
New York
Macgraw-Hill Book Co.
1987
|
| Edición: | 3. ed. |
| Materias: | |
| Etiquetas: |
Sin Etiquetas, Sea el primero en etiquetar este registro!
|
MARC
| LEADER | 00000nam a2200000 4500 | ||
|---|---|---|---|
| 001 | c002149 | ||
| 005 | 20221221074628.8 | ||
| 020 | |a 0-07-015570-4 | ||
| 041 | 0 | |a eng | |
| 044 | |a US | ||
| 245 | 1 | 0 | |a Introduction to Psychology |c Linda L. Davidoff |
| 250 | |a 3. ed. | ||
| 264 | 1 | |a New York |b Macgraw-Hill Book Co. |c 1987 | |
| 300 | |a 589 s. | ||
| 610 | 2 | 0 | |a psychológia |
| 610 | 2 | 0 | |a správanie |
| 610 | 2 | 0 | |a testy |
| 610 | 2 | 0 | |a motivácia |
| 610 | 2 | 0 | |a osobnosť |
| 100 | 1 | |a Davidoff, Linda L. | |